00747nam a2200229Ia 450000500170000000800410001702000150005808200180007310000360009124500460012725000200017330000260019365000490021965000310026865000300029965100360032926400290036533600270039433700330042133800280045404000350048220220317000511.0160601s2001 ck g 000 0 spa  a958614189604a079.861bC17c1 aCastro Caycedo, Germánd1940-10aColombia amarga cGermán Castro Caycedo a10a. edición  a362 páginasc18 cm 142LEMBaCrónicas periodísticas colombianas142LEMBaReportajeszColombia142LEMBaViolenciazColombia 4aColombia xCondiciones sociales aBogotá bPlanetac2001 atextobtxt2rdacontent asin mediaciónbn2rdamedia avolumenbnc2rdacarrier aCO-BoRNBPbspaerdacCO-BoRNBP